[Event "Marbella zt-A"]
[Site "Marbella"]
[Date "1982.??.??"]
[Round "5"]
[White "Nunn, John DM"]
[Black "Fernandez Garcia, Jose L"]
[Result "1/2-1/2"]
[WhiteElo "2590"]
[BlackElo "2405"]

1.e4 e5 2.Bc4 Nf6 3.d3 Nc6 4.Nf3 h6 5.O-O d6 6.c3 g6 7.d4 Qe7 8.Re1 Bg7 9.Nbd2 O-O
10.h3 Qd8 11.Bb3 Re8 12.Bc2 exd4 13.cxd4 Nb4 14.Bb1 c5 15.dxc5 dxc5 16.e5 Nh7
17.Ne4 Qxd1 18.Rxd1 Nc6 19.Nxc5 Nxe5 20.Nxe5 Rxe5 21.Ne4 Be6 22.Nc3 Rc8 23.Bf4 Ra5
24.Be4 b6  1/2-1/2

[Event "Marbella zt-A"]
[Site "Marbella"]
[Date "1982.??.??"]
[Round "6"]
[White "Gallego Eraso, Francisco"]
[Black "Nunn, John DM"]
[Result "0-1"]
[WhiteElo "2200"]
[BlackElo "2590"]

1.e4 c5 2.Nf3 d6 3.d4 cxd4 4.Nxd4 Nf6 5.Nc3 a6 6.Bg5 e6 7.f4 Qb6 8.Nb3 Be7
9.Qf3 Nbd7 10.O-O-O h6 11.Bh4 Qc7 12.Bd3 g5 13.Bg3 gxf4 14.Bxf4 Ne5 15.Qe2 Bd7
16.Rhf1 O-O-O 17.Nd2 Bc6 18.Nc4 Nfd7 19.Kb1 Rdf8 20.Rd2 Bf6 21.Nd1 Nxc4 22.Bxc4 Ne5
23.Bd3 Rd8 24.Ne3 Bg7 25.Nc4 Nxc4 26.Bxc4 Qb6 27.Bb3 Qb4 28.a3 Qxe4 29.Qxe4 Bxe4
30.Bxd6 Bg6 31.Bb4 Rxd2 32.Bxd2 Rd8 33.Kc1 Bxb2+ 34.Kxb2 Rxd2 35.g4 Rxh2
36.Rf6 Re2 37.Bc4 Re4 38.Bd3 Rxg4 39.Bxg6 fxg6  0-1

[Event "Marbella zt-f"]
[Site "Marbella"]
[Date "1982.??.??"]
[Round "6"]
[White "Ligterink, Gert"]
[Black "Nunn, John DM"]
[Result "0-1"]
[WhiteElo "2455"]
[BlackElo "2590"]

1.d4 Nf6 2.c4 c5 3.d5 e6 4.Nc3 exd5 5.cxd5 d6 6.Nf3 g6 7.g3 Bg7 8.Bg2 O-O
9.O-O Nbd7 10.e4 a6 11.Bf4 Qe7 12.Re1 Ng4 13.Bg5 Qe8 14.e5 Ndxe5 15.Nxe5 Nxe5
16.f4 Ng4 17.Rxe8 Rxe8 18.Ne2 Ne3 19.Qd2 Nc4 20.Qc2 b5 21.g4 Bxg4 22.Ng3 h6
23.Bh4 Bxb2 24.Rc1 Bd4+ 25.Kh1 Ne3 26.Qd2 Nxg2 27.Qxg2 Re3 28.Rf1 Rae8 29.f5 g5
30.f6 Kh8 31.Bxg5 hxg5 32.Nf5 Bxf5 33.Rxf5 Re1+ 34.Rf1 Bxf6 35.Qh3+ Kg7 36.Rxe1 Rxe1+
37.Kg2 c4  0-1

[Event "Marbella zt-A"]
[Site "Marbella"]
[Date "1982.??.??"]
[Round "7"]
[White "Nunn, John DM"]
[Black "Doyle, Anthony"]
[Result "1-0"]
[WhiteElo "2590"]
[BlackElo "2235"]

1.e4 e5 2.Bc4 Nf6 3.d3 Nc6 4.Nf3 Bc5 5.c3 d6 6.O-O O-O 7.Nbd2 a6 8.Bb3 Be6
9.Re1 Bxb3 10.Nxb3 Nd7 11.Nxc5 dxc5 12.Bg5 f6 13.Be3 Rf7 14.Qb3 b6 15.d4 cxd4
16.cxd4 exd4 17.Nxd4 Nxd4 18.Bxd4 Qe7 19.Rad1 Re8 20.f4 Qe6 21.Qa4 b5 22.Qa5 c5
23.Bf2 Qc6 24.Rd5 c4 25.Qd2 Rfe7 26.h3 Nf8 27.e5 fxe5 28.fxe5 Ng6 29.Rd6 Qb7
30.Bg3 Nf8 31.Rf1 h6 32.Qf4 Ne6 33.Qg4 Qc8 34.Kh2 b4 35.b3 Rc7 36.bxc4 Rxc4
37.Qh5 Rc7 38.Rxa6 Rf8 39.Rxf8+ Nxf8 40.Rb6 Rc2 41.e6 g6 42.Qf3  1-0

[Event "Marbella zt-A"]
[Site "Marbella"]
[Date "1982.??.??"]
[Round "8"]
[White "Ligterink, Gert"]
[Black "Nunn, John DM"]
[Result "1/2-1/2"]
[WhiteElo "2455"]
[BlackElo "2590"]

1.d4 Nf6 2.c4 c5 3.d5 e6 4.Nc3 exd5 5.cxd5 d6 6.Nf3 g6 7.g3 Bg7 8.Bg2 O-O
9.O-O a6 10.a4 Re8 11.Bf4 Ne4 12.Nxe4 Rxe4 13.Nd2 Rb4 14.Ra2 b5 15.Be3 f5
16.Nf3 h6  1/2-1/2

[Event "Tilburg"]
[Site "Tilburg"]
[Date "1982.??.??"]
[Round "?"]
[White "Nunn, John DM"]
[Black "Huebner, Robert"]
[Result "1/2-1/2"]
[WhiteElo "2565"]
[BlackElo "2630"]

1.e4 e6 2.d4 d5 3.Nd2 c5 4.Ngf3 Nc6 5.exd5 exd5 6.Bb5 cxd4 7.Nxd4 Bd7 8.N2f3 Bd6
9.O-O Nge7 10.Re1 O-O 11.Bg5 Re8 12.c4 Nxd4 13.Nxd4 a6 14.Bxd7  1/2-1/2

[Event "Tilburg"]
[Site "Tilburg"]
[Date "1982.??.??"]
[Round "?"]
[White "Larsen, Bent"]
[Black "Nunn, John DM"]
[Result "1-0"]
[WhiteElo "2595"]
[BlackElo "2565"]

1.c4 Nf6 2.g3 g6 3.Bg2 Bg7 4.Nf3 O-O 5.d4 d6 6.O-O Nc6 7.Nc3 a6 8.Bf4 Rb8
9.Rc1 Bd7 10.e4 Re8 11.d5 Na5 12.Qe2 c5 13.e5 Nh5 14.Be3 b5 15.cxb5 axb5
16.e6 fxe6 17.dxe6 Bxe6 18.Nxb5 Nf6 19.b4 Bd7 20.a4 cxb4 21.Nc7 b3 22.Nxe8 Qxe8
23.Bd2 Nb7 24.Qc4+ Kh8 25.Qxb3 Nc5 26.Qe3 Rb3 27.Qe2 Bf5 28.Ne5 Rb2 29.Rxc5 dxc5
30.Qc4 h6 31.Be3 Nd7 32.Nxd7 Bxd7 33.Qc1 h5 34.a5 Bb5 35.Rd1 Be2 36.Rd2 Rxd2
37.Qxd2 Qb5 38.Be4 Qa4 39.Qxe2 Qxe4 40.a6 Qe5 41.Qa2  1-0

[Event "Tilburg"]
[Site "Tilburg"]
[Date "1982.??.??"]
[Round "?"]
[White "Nunn, John DM"]
[Black "Petrosian, Tigran V"]
[Result "1-0"]
[WhiteElo "2565"]
[BlackElo "2605"]

1.e4 c6 2.c4 d5 3.exd5 cxd5 4.cxd5 Nf6 5.Nc3 Nxd5 6.Nf3 Nxc3 7.bxc3 g6 8.d4 Bg7
9.Bd3 Nc6 10.O-O O-O 11.Re1 Bg4 12.Be4 Rc8 13.Bg5 Re8 14.Rb1 Qd7 15.h3 Bxf3
16.Bxf3 b6 17.Bg4 f5 18.Be2 h6 19.Bc1 Kh7 20.d5  1-0

[Event "Tilburg"]
[Site "Tilburg"]
[Date "1982.??.??"]
[Round "?"]
[White "Karpov, Anatoly"]
[Black "Nunn, John DM"]
[Result "1-0"]
[WhiteElo "2700"]
[BlackElo "2565"]

1.e4 d6 2.d4 Nf6 3.Nc3 g6 4.Nf3 Bg7 5.Be2 O-O 6.O-O Bg4 7.Be3 Nbd7 8.h3 Bxf3
9.Bxf3 e5 10.g3 c6 11.Bg2 Qa5 12.Qd2 Rfe8 13.Rad1 b5 14.a3 Nb6 15.b3 Nfd7
16.Ra1 Nf8 17.d5 Rac8 18.Rfd1 c5 19.Bf1 c4 20.a4 cxb3 21.Nxb5 Qxd2 22.Rxd2 Rxc2
23.Rxc2 bxc2 24.a5 Nc8 25.Rc1 Nd7 26.Rxc2 Nc5 27.Nxd6 Nxd6 28.Rxc5 Nxe4 29.Rc7 Bf8
30.a6 Rd8 31.Rxa7  1-0

[Event "Hoogovens"]
[Site "Wijk aan Zee"]
[Date "1982.??.??"]
[Round "?"]
[White "Nunn, John DM"]
[Black "Kavalek, Lubomir"]
[Result "1/2-1/2"]
[WhiteElo "2590"]
[BlackElo "2560"]

1.e4 e5 2.Bc4 Nc6 3.Nf3 Nf6 4.d3 Bc5 5.c3 a6 6.O-O d6 7.Nbd2 O-O 8.Bb3 Ba7
9.Re1 Be6 10.Nc4 h6 11.a4 Re8 12.a5 Ne7 13.Be3 Ng6 14.Bxa7 Rxa7 15.d4  1/2-1/2

[Event "Hoogovens"]
[Site "Wijk aan Zee"]
[Date "1982.??.??"]
[Round "?"]
[White "Nunn, John DM"]
[Black "Sunye Neto, Jaime"]
[Result "1-0"]
[WhiteElo "2590"]
[BlackElo "2475"]

1.e4 c5 2.Nf3 e6 3.d4 cxd4 4.Nxd4 a6 5.c4 Nf6 6.Nc3 d6 7.Be2 Be7 8.O-O O-O
9.f4 Re8 10.Be3 Nbd7 11.Qe1 Qc7 12.Qg3 Rb8 13.Kh1 b6 14.Rad1 Nc5 15.e5 Nfe4
16.Nxe4 Nxe4 17.Qh3 g6 18.Bd3 Bb7 19.Nxe6 fxe6 20.Bxe4 Bxe4 21.Qxe6+ Kg7
22.exd6 Bxd6 23.Bd4+ Kf8 24.Qf6+ Kg8 25.Rfe1 Qb7 26.Qh8+ Kf7 27.Qxh7+ Ke6
28.Qxb7  1-0

[Event "Biel"]
[Site "Biel"]
[Date "1983.??.??"]
[Round "?"]
[White "Wirthensohn, Heinz"]
[Black "Nunn, John DM"]
[Result "0-1"]
[WhiteElo "2425"]
[BlackElo "2590"]

1.c4 g6 2.e4 Bg7 3.d4 d6 4.Nc3 Nf6 5.Be2 O-O 6.Nf3 Nbd7 7.O-O e5 8.Be3 h6
9.dxe5 dxe5 10.Nd2 Nh7 11.b4 f5 12.f3 Ng5 13.Nb3 Kh8 14.Qc2 f4 15.Bf2 Ne6
16.Rad1 Qe8 17.c5 g5 18.Bb5 c6 19.Bc4 Nf6 20.Kh1 g4 21.Bxe6 Bxe6 22.Na5 Qh5
23.Qe2 Rg8 24.Bg1 gxf3 25.gxf3 Bh3 26.Rf2 Qh4 27.Qe1 Nh5 28.Rfd2 Qe7 29.Nc4 Bf6
30.Nd6 Bh4 31.Qe2 Rg6 32.Nf5 Qg5 33.Nxh4 Qxh4 34.Qe1 Bg2+ 35.Rxg2 Ng3+ 36.Rxg3 fxg3  0-1

[Event "Biel"]
[Site "Biel"]
[Date "1983.??.??"]
[Round "?"]
[White "Toth, Bela"]
[Black "Nunn, John DM"]
[Result "1/2-1/2"]
[WhiteElo "2400"]
[BlackElo "2590"]

1.d4 Nf6 2.c4 g6 3.Nc3 Bg7 4.e4 d6 5.Nf3 O-O 6.Be2 Nbd7 7.O-O e5 8.Re1 c6
9.Bf1 exd4 10.Nxd4 Ng4 11.Qxg4 Bxd4 12.Be3 Bg7 13.Rad1 Qc7 14.Qg3 Ne5 15.c5 dxc5
16.Bxc5 Rd8 17.Rxd8+ Qxd8 18.Rd1 Qe8 19.f4 Nd7 20.Bd4 b5 21.Bxg7 Kxg7 22.e5 Nb6
23.Qh4 Be6 24.Rd6 Nd5 25.Bxb5 Nxc3 26.Bxc6 Ne2+ 27.Kf2 Qb8 28.b3  1/2-1/2

[Event "Biel"]
[Site "Biel"]
[Date "1983.??.??"]
[Round "?"]
[White "Nunn, John DM"]
[Black "Kindermann, Stefan"]
[Result "1/2-1/2"]
[WhiteElo "2590"]
[BlackElo "2500"]

1.e4 c5 2.Nf3 Nc6 3.d4 cxd4 4.Nxd4 Nf6 5.Nc3 e5 6.Ndb5 d6 7.Bg5 a6 8.Na3 b5
9.Nd5 Be7 10.Bxf6 Bxf6 11.c3 O-O 12.Nc2 Rb8 13.Be2 Bg5 14.O-O a5 15.Qd3 Be6
16.Rfd1 b4 17.Nce3 Bxe3 18.Nxe3 Qb6 19.h3  1/2-1/2

[Event "Biel"]
[Site "Biel"]
[Date "1983.??.??"]
[Round "?"]
[White "Nunn, John DM"]
[Black "Gheorghiu, Florin"]
[Result "1-0"]
[WhiteElo "2590"]
[BlackElo "2475"]

1.e4 c5 2.Nf3 e6 3.d4 cxd4 4.Nxd4 a6 5.Bd3 Nf6 6.O-O d6 7.c4 b6 8.Nc3 Bb7
9.f4 Be7 10.Kh1 O-O 11.Qe2 Nc6 12.Nxc6 Bxc6 13.b3 Qc7 14.Bb2 Rad8 15.Rae1 Bb7
16.Bb1 Nd7 17.Qh5 Rfe8 18.Re3 Nf6 19.Qh3 g6 20.f5 Bc8 21.Rg3 Kg7 22.Qh4 Rf8
23.Bc1 Rde8 24.e5 dxe5 25.Qh6+ Kh8 26.Rh3 Rg8 27.Bg5 Rg7 28.Bxf6 Bxf6 29.Ne4 Qd8
30.fxg6 Be7 31.Qxh7+ Rxh7 32.Rxh7+ Kg8 33.gxf7+ Kxh7 34.fxe8=Q  1-0

[Event "Biel"]
[Site "Biel"]
[Date "1983.??.??"]
[Round "?"]
[White "Miles, Anthony J"]
[Black "Nunn, John DM"]
[Result "1/2-1/2"]
[WhiteElo "2585"]
[BlackElo "2590"]

1.Nf3 Nf6 2.g3 g6 3.b3 Bg7 4.Bb2 O-O 5.Bg2 d6 6.d4 Nbd7 7.O-O e5 8.dxe5 Ng4
9.Qd2 Ngxe5 10.c4 Re8  1/2-1/2

[Event "Biel"]
[Site "Biel"]
[Date "1983.??.??"]
[Round "?"]
[White "Meduna, Eduard"]
[Black "Nunn, John DM"]
[Result "1/2-1/2"]
[WhiteElo "2465"]
[BlackElo "2590"]

1.d4 g6 2.e4 d6 3.Nf3 Nf6 4.Bd3 Bg7 5.O-O O-O 6.Nbd2 Nc6 7.c3 Nd7 8.Nc4 e5
9.dxe5 Ndxe5 10.Nfxe5 Nxe5 11.Nxe5  1/2-1/2

[Event "Biel"]
[Site "Biel"]
[Date "1983.??.??"]
[Round "?"]
[White "Gobet, Fernand"]
[Black "Nunn, John DM"]
[Result "0-1"]
[WhiteElo "2415"]
[BlackElo "2590"]

1.e4 c5 2.Nf3 d6 3.d4 Nf6 4.Nc3 cxd4 5.Nxd4 a6 6.Bc4 e6 7.Bb3 b5 8.f4 Bb7
9.f5 e5 10.Nde2 Nbd7 11.O-O Rc8 12.Bg5 Be7 13.Kh1 h6 14.Bxf6 Nxf6 15.Qd3 O-O
16.Rad1 Qc7 17.a3 Qc5 18.Ng3 b4 19.axb4 Qxb4 20.Qf3 a5 21.Rfe1 Bc6 22.Ra1 a4
23.Bxa4 Bxa4 24.Rxa4 Qxb2 25.Nd5 Nxd5 26.exd5 Rxc2 27.h4 Rf2 28.Qa3 Qxa3
29.Rxa3 Bxh4 30.Ne4 Rxf5 31.Rb1 Rd8 32.Ra6 Be7 33.Rbb6 Rf1+ 34.Kh2 Rf4 35.Nxd6 Bxd6
36.Rxd6 Rxd6 37.Rxd6 Kf8 38.Rd8+  0-1

[Event "Brighton"]
[Site "Brighton"]
[Date "1983.??.??"]
[Round "3"]
[White "Nunn, John DM"]
[Black "Murrey, Jacob"]
[Result "1-0"]
[WhiteElo "2590"]
[BlackElo "2485"]

1.e4 e5 2.Nf3 Nc6 3.Bb5 a6 4.Ba4 Nf6 5.O-O Nxe4 6.d4 b5 7.Bb3 d5 8.dxe5 Be6
9.Be3 Bc5 10.Qd3 O-O 11.Nc3 Nb4 12.Qe2 Bxe3 13.Qxe3 c5 14.a3 c4 15.axb4 cxb3
16.cxb3 Qe7 17.Rfd1 Qxb4 18.Nxd5 Bxd5 19.Rxd5 Rad8 20.Rad1 Rxd5 21.Rxd5 f5
22.Nd4 Qa5 23.Qc1 f4 24.f3 Nd2 25.Kf2 Qb4 26.Qc5 Qxc5 27.Rxc5 Rd8 28.e6 Kf8
29.Nf5  1-0

[Event "Brighton"]
[Site "Brighton"]
[Date "1983.??.??"]
[Round "4"]
[White "Hodgson, Julian M"]
[Black "Nunn, John DM"]
[Result "1/2-1/2"]
[WhiteElo "2385"]
[BlackElo "2590"]

1.e4 e5 2.Nf3 Nc6 3.Nc3 Nf6 4.Be2 d5 5.exd5 Nxd5 6.Bb5 Nxc3 7.bxc3 Bd6 8.O-O O-O
9.Re1 Bg4 10.h3 Bh5 11.g4 Bg6 12.Bxc6 bxc6 13.Nxe5 f5 14.d3 Qh4 15.Bf4 Qxh3
16.Re3 Qh4 17.Nxg6 hxg6 18.Bxd6 cxd6 19.Qf3 fxg4 20.Qg3 Qxg3+ 21.Rxg3 Rf4
22.Rb1 Raf8 23.Rg2 Ra4 24.Rb2 d5 25.Kf1 Re8 26.c4  1/2-1/2

[Event "Brighton"]
[Site "Brighton"]
[Date "1983.??.??"]
[Round "5"]
[White "Nunn, John DM"]
[Black "Mednis, Edmar John"]
[Result "1-0"]
[WhiteElo "2590"]
[BlackElo "2455"]

1.e4 e6 2.d4 d5 3.Nd2 c5 4.Ngf3 cxd4 5.exd5 Qxd5 6.Bc4 Qd6 7.O-O Nf6 8.Nb3 Nc6
9.Nbxd4 Nxd4 10.Nxd4 a6 11.Bb3 Bd7 12.c3 Qc7 13.Qf3 Bd6 14.h3 O-O-O 15.Bg5 Kb8
16.Rad1 Ka8 17.Rfe1 Rhg8 18.Bc2 Be5 19.Bxh7 Nxh7 20.Bxd8 Rxd8 21.Qxf7 Nf8
22.Nf3 Bf6 23.Nh2 Qc5 24.Ng4 Qe7 25.Qh5 Rc8 26.Ne5 Be8 27.Qg4 Rc5 28.f4 Qc7
29.Kh1 Qb6 30.Rd2 Ka7 31.Qg3 Rc8 32.b3 Qc5 33.c4 Qb6 34.a3 Qc7 35.b4 Bxe5
36.fxe5 Qe7 37.Rd4 Nd7 38.Qg4 Nb6 39.Rc1 Na8 40.Rd6 Nc7 41.a4 Bxa4 42.Ra1 Be8
43.b5 Kb8 44.b6 Na8 45.c5 Rxc5 46.Rxe6 Qf7 47.Rd6 Nxb6 48.Rxb6 Rxe5 49.Rd6 Qe7
50.Qd4 Bc6 51.Rd1 Re2 52.Rg6 Qe3 53.Qxe3 Rxe3 54.Kh2 Re7 55.Rd8+ Ka7 56.Rg8 Kb6
57.R8xg7 Re4 58.Rg4 a5 59.Rxe4 Bxe4 60.h4 a4 61.h5 Ka5 62.Re7 Bc2 63.Rxb7 a3
64.Ra7+ Kb4 65.h6  1-0

[Event "Brighton"]
[Site "Brighton"]
[Date "1983.??.??"]
[Round "6"]
[White "Burger, Karl"]
[Black "Nunn, John DM"]
[Result "0-1"]
[WhiteElo "2360"]
[BlackElo "2590"]

1.d4 Nf6 2.c4 c5 3.d5 e6 4.Nc3 exd5 5.cxd5 d6 6.Nf3 g6 7.Bf4 Bg7 8.Qa4+ Bd7
9.Qb3 Qc7 10.e4 O-O 11.Nd2 Nh5 12.Be3 f5 13.exf5 gxf5 14.Be2 Be8 15.O-O a6
16.Qd1 Nf6 17.a4 Nbd7 18.Nc4 Nb6 19.Na3 Ne4 20.Nxe4 fxe4 21.a5 Na4 22.Nc4 Nxb2
23.Nxb2 Bxb2 24.Ra2 Be5 25.Qc2 Bg6 26.Bg4 Rfb8 27.Be6+ Kh8 28.Qe2 b5 29.axb6 Qxb6
30.h4 Qb5 31.Qg4 Qe8 32.Bf4 Bxf4 33.Qxf4 Qe7 34.Rfa1 Rb6 35.Ra3 Qg7 36.Kh2 Rf8
37.Qg3 Rb2 38.Rxa6 Rbxf2 39.Ra8 e3 40.Qxe3 Rxg2+ 41.Kh3 Rc2 42.Rxf8+ Qxf8
43.Kg3 Bf7 44.Ra3 Qg7+ 45.Qg5 Rc3+ 46.Rxc3 Qxc3+ 47.Kf4 Qd2+  0-1

[Event "Brighton"]
[Site "Brighton"]
[Date "1983.??.??"]
[Round "7"]
[White "Nunn, John DM"]
[Black "Short, Nigel D"]
[Result "1/2-1/2"]
[WhiteElo "2590"]
[BlackElo "2475"]

1.e4 e6 2.d4 d5 3.exd5 exd5 4.c4 Nf6 5.Nc3 Be7 6.cxd5 O-O 7.Bc4 Nbd7 8.Nf3 Nb6
9.Bb3 Nbxd5 10.O-O c6 11.Re1 Re8 12.Bg5 Be6 13.Ne5 Nd7  1/2-1/2

[Event "Gjovik"]
[Site "Gjovik"]
[Date "1983.??.??"]
[Round "?"]
[White "Ftacnik, Lubomir"]
[Black "Nunn, John DM"]
[Result "0-1"]
[WhiteElo "2535"]
[BlackElo "2590"]

1.Nf3 g6 2.d4 Bg7 3.c4 Nf6 4.Nc3 O-O 5.e4 d6 6.Be2 Nbd7 7.O-O e5 8.Qc2 c6
9.Rd1 exd4 10.Nxd4 Qe7 11.Bg5 Nc5 12.f3 Re8 13.b4 Ne6 14.Nxe6 Bxe6 15.Qd2 Qc7
16.Rab1 Nd7 17.Nd5 cxd5 18.cxd5 Bg4 19.h3 Bxf3 20.gxf3 Ne5 21.Kg2 f5 22.Rbc1 Qf7
23.Be3 fxe4 24.fxe4 Qe7 25.Bg5 Bf6 26.Bf4 Nf7 27.Bd3 Bg5 28.Re1 Bxf4 29.Qxf4 Ne5
30.Be2 Rac8 31.Rxc8 Rxc8 32.Rc1 Rxc1 33.Qxc1 Kg7 34.Qe3 Qh4 35.a4 Qe1 36.b5 Kg8
37.Kh2 b6 38.Kg2 h6 39.Kh2 g5 40.Kg2 Ng6 41.e5 Nf4+ 42.Kf3 Qxe2+ 43.Qxe2 Nxe2
44.exd6 Nd4+  0-1

[Event "Gjovik"]
[Site "Gjovik"]
[Date "1983.??.??"]
[Round "?"]
[White "Spassky, Boris V"]
[Black "Nunn, John DM"]
[Result "1/2-1/2"]
[WhiteElo "2605"]
[BlackElo "2590"]

1.d4 Nf6 2.c4 g6 3.Nc3 Bg7 4.e4 d6 5.Nf3 O-O 6.Be2 Nbd7 7.O-O e5 8.Re1 c6
9.Bf1 exd4 10.Nxd4 Ng4 11.Qxg4 Bxd4 12.Be3 Nc5 13.Qd1 Be5 14.Qd2 Re8 15.Rad1 Qf6
16.Bg5 Qg7 17.Bh6 Qf6 18.Bg5 Qg7 19.Bh6 Qf6  1/2-1/2

[Event "Gjovik"]
[Site "Gjovik"]
[Date "1983.??.??"]
[Round "?"]
[White "Ogaard, Leif"]
[Black "Nunn, John DM"]
[Result "1/2-1/2"]
[WhiteElo "2485"]
[BlackElo "2590"]

1.d4 Nf6 2.c4 c5 3.d5 e6 4.Nc3 exd5 5.cxd5 d6 6.Nf3 g6 7.e4 Bg7 8.Be2 O-O
9.O-O Re8 10.Nd2 Na6 11.f3 Nc7 12.a4 b6 13.Nc4 Ba6 14.Bg5 h6 15.Be3 Bxc4
16.Bxc4 a6 17.Qd2 Kh7 18.Rab1 Qd7 19.b4 b5 20.Be2 c4 21.a5 Ng8 22.Bd1 f5
23.Bc2 fxe4 24.fxe4 Be5 25.Rf3 Qg7 26.Ne2 Nf6 27.Rbf1 Rf8 28.h3 Rae8 29.Nd4 Nd7
30.Rxf8 Rxf8 31.Rxf8 Qxf8 32.Qf2 Qg7 33.Nc6 Bc3 34.Bd4 Bxd4 35.Qxd4 Qxd4+  1/2-1/2

[Event "Gjovik"]
[Site "Gjovik"]
[Date "1983.??.??"]
[Round "?"]
[White "Nunn, John DM"]
[Black "Miles, Anthony J"]
[Result "1/2-1/2"]
[WhiteElo "2590"]
[BlackElo "2585"]

1.e4 c6 2.d4 d5 3.exd5 cxd5 4.c4 Nf6 5.Nc3 e6 6.Nf3 Be7 7.cxd5 Nxd5 8.Bd3 Nc6
9.O-O O-O 10.Re1 Bf6 11.Be4 Qd6  1/2-1/2

[Event "Gjovik"]
[Site "Gjovik"]
[Date "1983.??.??"]
[Round "?"]
[White "Nunn, John DM"]
[Black "Helmers, Knut J"]
[Result "1-0"]
[WhiteElo "2590"]
[BlackElo "2465"]

1.e4 c5 2.Nf3 d6 3.d4 cxd4 4.Nxd4 Nf6 5.Nc3 a6 6.Bg5 e6 7.f4 Qb6 8.Qd2 Qxb2
9.Rb1 Qa3 10.Be2 Be7 11.O-O Nbd7 12.e5 dxe5 13.fxe5 Nxe5 14.Bxf6 gxf6 15.Ne4 f5
16.Rb3 Qa4 17.Qc3 fxe4 18.Nb5 axb5 19.Qxe5 Qa7+ 20.Kh1 Rg8 21.Qh5 Rg7 22.Bxb5+ Kf8
23.Rg3 Bf6 24.Rxf6 Qd4 25.Rf1  1-0

[Event "Gjovik"]
[Site "Gjovik"]
[Date "1983.??.??"]
[Round "?"]
[White "Nunn, John DM"]
[Black "Browne, Walter S"]
[Result "1/2-1/2"]
[WhiteElo "2590"]
[BlackElo "2560"]

1.e4 c5 2.Nf3 d6 3.d4 cxd4 4.Nxd4 Nf6 5.Nc3 a6 6.Bg5 e6 7.f4 Be7 8.Qf3 Qc7
9.O-O-O Nbd7 10.g4 b5 11.Bxf6 Nxf6 12.g5 Nd7 13.f5 Nc5 14.h4 b4 15.Nce2 e5
16.Nb3 Nxe4 17.Qxe4 Bb7 18.Rd5 Rc8 19.c3 Qc4 20.Qxc4 Rxc4 21.Bg2 Bxd5 22.Bxd5 Rxh4
23.Rg1 bxc3 24.Nxc3 Rf4 25.Bc6+ Kf8 26.Be4 h5 27.gxh6 Rxh6 28.Nd2 Rh2 29.Nd5 Rff2
30.Nf3 Rh3 31.Nd2 Rhh2 32.Nf3 Rh3 33.Nd2 Rh4 34.Nc3 d5 35.Nxd5 Rxd2 36.Kxd2 Rxe4
37.Nxe7 Kxe7 38.Rxg7 Rf4 39.Rg8 Rxf5 40.Ra8 Rf2+ 41.Kc3 Rf6 42.Ra7+ Kf8 43.Kd3 Re6
44.Ke4 Kg7 45.Kf5 e4 46.Rc7 e3 47.Rc1 Rd6 48.Rg1+ Kf8 49.Re1 Rd2 50.Rxe3 Rf2+
51.Ke5 Rxb2 52.Ra3 Rb6 53.Kf5 Kg7 54.Rg3+ Rg6 55.Ra3 Rf6+ 56.Ke5 Rb6 57.Rg3+ Rg6
58.Ra3 Re6+ 59.Kf5 Rf6+ 60.Ke5 Rh6 61.Kf5 Rc6 62.Rg3+ Kf8 63.Rb3 Rc2 64.Ra3 Rc5+
65.Kf6 Rc6+ 66.Kf5 Ke7 67.Re3+ Kd7 68.Rd3+ Kc7 69.Rf3 Kd7 70.Rd3+ Ke7 71.Re3+ Re6
72.Rb3 Kd6 73.Rb7 Re5+ 74.Kf4 Ra5 75.Rxf7 Rxa2 76.Ke4 Kc5  1/2-1/2

[Event "Helsinki"]
[Site "Helsinki"]
[Date "1983.??.??"]
[Round "2"]
[White "Balashov, Yuri S"]
[Black "Nunn, John DM"]
[Result "1/2-1/2"]
[WhiteElo "2540"]
[BlackElo "2570"]

1.d4 d6 2.Nf3 g6 3.c4 Bg7 4.Nc3 Nf6 5.e4 O-O 6.Be2 Nbd7 7.O-O e5 8.Be3 h6
9.dxe5 dxe5 10.Nd2 Nh7 11.b4 Ng5 12.Nb3 Ne6 13.Qd2 Kh7 14.Rad1 c6 15.Bg4 Qf6
16.Qc2 Re8 17.Bxe6 Qxe6 18.Ne2 Qe7 19.c5 Nf6 20.Na5 Be6 21.Nc4 Qc7  1/2-1/2

[Event "Helsinki"]
[Site "Helsinki"]
[Date "1983.??.??"]
[Round "4"]
[White "Gurevich, Dmitry"]
[Black "Nunn, John DM"]
[Result "0-1"]
[WhiteElo "2470"]
[BlackElo "2570"]

1.d4 Nf6 2.c4 g6 3.Nc3 Bg7 4.e4 d6 5.Nf3 O-O 6.Be2 Nbd7 7.O-O e5 8.Be3 h6
9.dxe5 dxe5 10.Nd2 Nh7 11.b4 f5 12.exf5 gxf5 13.Nb3 Ng5 14.Qd5+ Kh8 15.Rad1 Qf6
16.f3 Qg6 17.Kh1 Rg8 18.Qd2 Bf8 19.Bd3 Bxb4 20.g4 Nf6 21.Qc2 Bxc3 22.gxf5 Qh5
23.Qxc3 Nxf3 24.Bf4 Qg4 25.Bg3 Nd4 26.Nxd4 exd4 27.Qd2 Kh7 28.Rf4 Qg7 29.Re1 Bd7
30.Rh4 Rae8 31.Re6 c5 32.Kg1 Rgf8 33.Qf4 Bxe6 34.fxe6+ Kg8 35.Rxh6 Ng4 36.Bh7+ Kh8
37.Rh5 Rxf4 38.Bg6+ Kg8 39.Bxe8 Ne3  0-1

[Event "Helsinki"]
[Site "Helsinki"]
[Date "1983.??.??"]
[Round "5"]
[White "Nunn, John DM"]
[Black "Pinter, Jozsef"]
[Result "1/2-1/2"]
[WhiteElo "2570"]
[BlackElo "2535"]

1.e4 e5 2.Nf3 Nc6 3.Bc4 Nf6 4.d3 Bc5 5.O-O d6 6.c3 a6 7.Bb3 O-O 8.Bg5 h6
9.Bh4 g5 10.Bg3 Bg4 11.Nbd2 Nh5 12.Kh1 Qf6 13.h3 Bd7 14.d4 exd4 15.Nxd4 Nf4
16.Nxc6 Bxc6 17.Qf3  1/2-1/2

[Event "Helsinki"]
[Site "Helsinki"]
[Date "1983.??.??"]
[Round "6"]
[White "Hurme, Harri M"]
[Black "Nunn, John DM"]
[Result "0-1"]
[WhiteElo "2355"]
[BlackElo "2570"]

1.d4 Nf6 2.c4 g6 3.Nc3 Bg7 4.e4 d6 5.f3 O-O 6.Be3 Nc6 7.Qd2 a6 8.Nge2 Rb8
9.h4 h5 10.O-O-O b5 11.Nd5 bxc4 12.Bh6 Nxd5 13.exd5 Nb4 14.Nc3 c6 15.Bxc4 cxd5
16.Nxd5 Bxh6 17.Qxh6 Nxd5 18.Bxd5 Bf5 19.Be4 Bxe4 20.fxe4 Qc7+ 21.Kb1 Rxb2+  0-1

[Event "Helsinki"]
[Site "Helsinki"]
[Date "1983.??.??"]
[Round "11"]
[White "Wedberg, Tom"]
[Black "Nunn, John DM"]
[Result "1/2-1/2"]
[WhiteElo "2500"]
[BlackElo "2570"]

1.e4 c5 2.Nf3 e6 3.d4 cxd4 4.Nxd4 Bc5 5.Nb3 Bb6 6.Nc3 Ne7 7.Bd3 O-O 8.O-O Nbc6
9.Bf4 f5 10.Bd6 f4 11.Qh5 f3 12.g3 Bc7 13.e5 g6 14.Qg5 Bxd6 15.exd6 Nf5 16.Qxd8 Nxd8
17.Nd2 Nxd6 18.Nce4 N8f7 19.Nxf3 Nxe4 20.Bxe4 d5 21.Bd3 e5 22.Be2 Bd7 23.Rfe1 Bc6
24.Bf1 Rfe8 25.Bg2  1/2-1/2

[Event "Lugano op"]
[Site "Lugano"]
[Date "1983.??.??"]
[Round "1"]
[White "Nunn, John DM"]
[Black "Carlier, Bruno"]
[Result "1-0"]
[WhiteElo "2570"]
[BlackElo "2250"]

1.e4 e5 2.Nf3 d6 3.Bc4 Be7 4.O-O Nf6 5.d3 O-O 6.c3 Nc6 7.Bb3 h6 8.Re1 Re8
9.Nbd2 Bf8 10.Nf1 g6 11.Bd2 Qe7 12.Ng3 Bg7 13.h3 Rf8 14.Qc1 Kh7 15.d4 Bd7
16.Bc2 Ng8 17.d5 Nd8 18.c4 a5 19.b4 Kh8 20.a3 b6 21.b5 Nb7 22.Bc3 Ra7 23.Qb2 h5
24.Rad1 Rfa8 25.Bb1 Nh6 26.Re2 Rg8 27.Qc1 Rga8 28.Ne1  1-0

[Event "Lugano op"]
[Site "Lugano"]
[Date "1983.??.??"]
[Round "4"]
[White "Hazai, Laszlo"]
[Black "Nunn, John DM"]
[Result "0-1"]
[WhiteElo "2465"]
[BlackElo "2570"]

1.e4 c5 2.Nf3 d6 3.d4 Nf6 4.Nc3 cxd4 5.Nxd4 a6 6.Be3 e5 7.Nb3 Be6 8.Qd2 Nbd7
9.f3 b5 10.a4 b4 11.Nd5 Bxd5 12.exd5 Nb6 13.Bxb6 Qxb6 14.a5 Qb7 15.O-O-O g6
16.Kb1 Bg7 17.f4 e4 18.Bc4 O-O 19.Nd4 Nxd5 20.Nb3 Ne7 21.Qxd6 Nf5 22.Qd2 Qe7
23.Qc1 Nd6 24.Bd5 Rac8 25.Rhe1 Rfe8 26.Nd4 Qf6 27.g4 Qh4 28.g5 Qxh2 29.Bb3 Nc4
30.Re2 Qh3 31.f5 gxf5 32.Rh1 Qg4 33.Rg1 Qh5 34.Rh1 Qg6 35.Nf3 Bxb2 36.Qg1 Qg7
37.Nh4 Ba3 38.c3 Qxc3  0-1

[Event "Lugano op"]
[Site "Lugano"]
[Date "1983.??.??"]
[Round "6"]
[White "Nunn, John DM"]
[Black "Seirawan, Yasser"]
[Result "0-1"]
[WhiteElo "2570"]
[BlackElo "2600"]

1.e4 c6 2.d4 d5 3.e5 Bf5 4.Nc3 e6 5.g4 Bg6 6.Nge2 c5 7.h4 h6 8.Be3 Qb6 9.h5 Bh7
10.Qd2 Nc6 11.O-O-O c4 12.f4 Qa5 13.f5 b5 14.Nxd5 b4 15.Nc7+ Qxc7 16.Nf4 c3
17.Qg2 Nge7 18.Bc4 O-O-O 19.fxe6 Kb8 20.exf7 cxb2+ 21.Kb1 Na5 22.Bd3 Nc4
23.Bxc4 Qxc4 24.Rh2 Nd5 25.Nxd5 Rxd5 26.e6 b3 27.axb3 Qa6 28.Kxb2 Qa3+ 29.Kc3 Bb4+
30.Kc4 Be7 31.Kc3 Qa5+ 32.Kb2 Ba3+ 33.Kb1 Qc3 34.Bc1 Bxc1 35.Kxc1 Qa1+ 36.Kd2 Qxd4+  0-1

[Event "Lugano op"]
[Site "Lugano"]
[Date "1983.??.??"]
[Round "7"]
[White "Dizdarevic, Emir"]
[Black "Nunn, John DM"]
[Result "0-1"]
[WhiteElo "2420"]
[BlackElo "2570"]

1.c4 g6 2.Nf3 Bg7 3.g3 d6 4.d4 Nf6 5.Bg2 O-O 6.O-O a6 7.Nc3 Nc6 8.h3 Rb8
9.Qc2 b5 10.cxb5 axb5 11.e4 b4 12.Ne2 Bd7 13.b3 Rb6 14.Bb2 e6 15.Nf4 Ne7
16.Nd2 Qb8 17.Nc4 Rb5 18.Ne3 Rc8 19.e5 Nfd5 20.Nfxd5 Nxd5 21.Nc4 Nb6 22.f4 Nxc4
23.bxc4 Ra5 24.d5 c6 25.dxe6 Bxe6 26.g4 Rc5 27.Qf2 Rxc4 28.f5 Bd5 29.e6 Bxb2
30.Qxb2 Qa7+ 31.Rf2 fxe6 32.Bxd5 cxd5 33.Qf6 Qf7 34.fxe6 Qxf6 35.Rxf6 Re4
36.Rd1 Rf8 37.Rxf8+ Kxf8 38.Rxd5 Ke7 39.Ra5 Kxe6 40.Kf2 d5 41.Ra7 d4 42.Rxh7 d3
43.Rh8 Kd7 44.Rh7+ Kc6 45.Rh8 Kc5 46.Rd8 Kc4 47.Kf3 Rd4 48.Rc8+ Kb5 49.Rb8+ Ka6  0-1